[Event "C.to Regionale Umbria"]
[Site "Foligno ITA"]
[Date "2008.06.08"]
[Round "6"]
[White "Tortolini, Francesco"]
[Black "Parrini, Daniele"]
[Result "1/2-1/2"]
[WhiteElo "1890"]
[BlackElo "2054"]
[PlyCount "41"]
[EventDate "2008.06.06"]

1. e4 c5 2. Nf3 g6 3. d4 cxd4 4. Nxd4 Nc6 5. Nc3 Bg7 6. Be3 Nf6 7. f3 O-O 8.
Qd2 d5 9. exd5 Nxd5 10. Nxd5 Qxd5 11. Nxc6 Qxc6 12. c3 Be6 13. Be2 Rfd8 14. Qc2
Bd5 15. O-O Qe6 16. Bf2 Bxa2 17. c4 Bb3 18. Qxb3 Qxe2 19. Qxb7 Qxc4 20. Qxe7 a5
21. Rxa5 1/2-1/2

[Event "C.to Regionale Umbria"]
[Site "Foligno ITA"]
[Date "2008.06.08"]
[Round "6"]
[White "Trasciatti, Mirko"]
[Black "Marcugini, Stefano"]
[Result "0-1"]
[WhiteElo "1972"]
[BlackElo "1539"]
[PlyCount "40"]
[EventDate "2008.06.06"]

1. b3 Nf6 2. Bb2 e6 3. e3 c5 4. Nf3 d5 5. c4 Nc6 6. d4 dxc4 7. Bxc4 cxd4 8.
exd4 Nd5 9. O-O Bd6 10. Nc3 O-O 11. Nxd5 exd5 12. Bd3 Bg4 13. Bc1 Qf6 14. Bxh7+
Kxh7 15. Ng5+ Qxg5 16. Bxg5 Bxd1 17. Rfxd1 Rfe8 18. Rd3 Re2 19. Kf1 Rae8 20.
Be3 Rc2 0-1

[Event "IV Open A"]
[Site "Lodi ITA"]
[Date "2008.06.13"]
[Round "1"]
[White "Burlando, Alessandro"]
[Black "Lenic, Luka"]
[Result "0-1"]
[WhiteElo "2141"]
[BlackElo "2584"]
[PlyCount "68"]
[EventDate "2008.06.13"]

1. d4 Nf6 2. c4 g6 3. Nc3 Bg7 4. e4 d6 5. f3 O-O 6. Be3 c5 7. d5 e6 8. Bd3 a6
9. a4 exd5 10. cxd5 Nbd7 11. Nge2 Ne5 12. O-O Nh5 13. Rb1 f5 14. exf5 Nxd3 15.
Qxd3 Bxf5 16. Ne4 Qa5 17. N2c3 Rae8 18. Qd2 Be5 19. Bh6 Ng7 20. g4 Bd7 21. Kg2
Qb4 22. b3 b5 23. axb5 axb5 24. Ne2 Qxd2 25. Bxd2 b4 26. Rf2 Bb5 27. N2g3 Bd3
28. Re1 h5 29. h4 c4 30. bxc4 b3 31. Bc1 hxg4 32. Bb2 gxf3+ 33. Kh3 Bxg3 34.
Kxg3 Nh5+ 0-1

[Event "IV Open A"]
[Site "Lodi ITA"]
[Date "2008.06.13"]
[Round "1"]
[White "Calella, Sergio"]
[Black "Damia, Angelo"]
[Result "1-0"]
[WhiteElo "2017"]
[BlackElo "2302"]
[PlyCount "81"]
[EventDate "2008.06.13"]

1. e4 Nf6 2. e5 Nd5 3. d4 d6 4. c4 Nb6 5. exd6 cxd6 6. Nf3 g6 7. Be2 Bg7 8. Be3
O-O 9. O-O Nc6 10. Nc3 Bg4 11. b3 f5 12. Ng5 Bxe2 13. Nxe2 Qd7 14. d5 Bxa1 15.
Qxa1 Nd8 16. Nf4 e5 17. dxe6 Qe7 18. h4 h6 19. Nxg6 Qf6 20. Nxf8 Qxa1 21. Rxa1
Kxf8 22. Nh3 Nxe6 23. Bxh6+ Ke7 24. Re1 Kd7 25. Nf4 Nc5 26. f3 a5 27. h5 Rg8
28. Kh2 a4 29. Kh3 axb3 30. axb3 Nc8 31. Re3 Ne7 32. g4 fxg4+ 33. fxg4 b5 34.
Nd5 Nxd5 35. cxd5 Re8 36. Rf3 Ne4 37. Kh4 Re5 38. Bg7 Rxd5 39. h6 Rd1 40. Rh3
Nf2 41. Rh2 1-0

[Event "IV Open A"]
[Site "Lodi ITA"]
[Date "2008.06.13"]
[Round "1"]
[White "Cappai, Davide"]
[Black "Borgo, Giulio"]
[Result "0-1"]
[WhiteElo "2100"]
[BlackElo "2453"]
[PlyCount "71"]
[EventDate "2008.06.13"]

1. b3 c5 2. Bb2 e6 3. Nf3 Nf6 4. e3 b6 5. Be2 Bb7 6. d3 Be7 7. Nbd2 O-O 8. c4
Nc6 9. a3 d5 10. O-O Bd6 11. cxd5 exd5 12. Qc2 Re8 13. Rfe1 Rc8 14. Rad1 Bb8
15. Qb1 d4 16. e4 Ng4 17. Bf1 Qf6 18. g3 Nce5 19. Bg2 Ba6 20. h3 Nxf2 21. Kxf2
Nxd3+ 22. Kg1 Nxe1 23. Rxe1 Bxg3 24. e5 Qh6 25. Re4 Bf4 26. Bc1 Bb7 27. Rxf4
Qxf4 28. Nc4 Qg3 29. Qd3 Rcd8 30. Bd2 Bxf3 31. Qxf3 Qxf3 32. Bxf3 b5 33. Nd6
Rxe5 34. Nxb5 Rb8 35. a4 a6 36. Bf4 0-1

[Event "IV Open A"]
[Site "Lodi ITA"]
[Date "2008.06.13"]
[Round "1"]
[White "Castrogiovanni, Carlo"]
[Black "Welling, Gerard"]
[Result "1/2-1/2"]
[WhiteElo "2073"]
[BlackElo "2378"]
[PlyCount "45"]
[EventDate "2008.06.13"]

1. d4 Nf6 2. c4 d6 3. Nc3 Nbd7 4. e4 e5 5. Be3 Be7 6. Be2 O-O 7. f3 c6 8. Nh3
a6 9. a4 a5 10. Nf2 Nh5 11. Qd2 exd4 12. Bxd4 Nc5 13. Bd1 Bg5 14. Be3 Bxe3 15.
Qxe3 Qb6 16. O-O Nxa4 17. Qg5 Nxc3 18. bxc3 Nf6 19. Be2 Qb2 20. Qe3 a4 21. Rfb1
Qc2 22. Rc1 Qb2 23. Rcb1 1/2-1/2

[Event "IV Open A"]
[Site "Lodi ITA"]
[Date "2008.06.13"]
[Round "1"]
[White "Farago, Ivan"]
[Black "Stips, Felix"]
[Result "1-0"]
[WhiteElo "2470"]
[BlackElo "2102"]
[PlyCount "85"]
[EventDate "2008.06.13"]

1. d4 Nf6 2. c4 e6 3. Nf3 b6 4. a3 Bb7 5. Nc3 d5 6. cxd5 Nxd5 7. Bd2 Be7 8. Qc2
O-O 9. e4 Nxc3 10. Bxc3 c5 11. dxc5 bxc5 12. Rd1 Qb6 13. Ne5 Rd8 14. Rxd8+ Qxd8
15. Bb5 Qc7 16. O-O Bd6 17. Rd1 Nc6 18. Bxc6 Bxc6 19. Nxc6 Qxc6 20. Qd3 Be7 21.
Qd7 Qxd7 22. Rxd7 Rd8 23. Rxd8+ Bxd8 24. Kf1 Kf8 25. Ke2 g6 26. Kd3 Ke7 27. Kc4
Kd6 28. Kb5 f5 29. f3 fxe4 30. fxe4 Bc7 31. h3 Bd8 32. a4 a6+ 33. Kxa6 Kc6 34.
Ka7 Bc7 35. a5 e5 36. a6 Bd6 37. Ba5 c4 38. Ka8 h5 39. h4 Be7 40. Kb8 Bd6+ 41.
Kc8 Bc5 42. Bc7 Bd4 43. Bxe5 1-0

[Event "IV Open A"]
[Site "Lodi ITA"]
[Date "2008.06.13"]
[Round "1"]
[White "Fedorchuk, Sergey A."]
[Black "Saccona, Silvano"]
[Result "1-0"]
[WhiteElo "2671"]
[BlackElo "2178"]
[PlyCount "49"]
[EventDate "2008.06.13"]

1. e4 c6 2. d4 d5 3. Nd2 dxe4 4. Nxe4 Nf6 5. Nxf6+ exf6 6. c3 Bd6 7. Bd3 O-O 8.
Qc2 Re8+ 9. Ne2 h6 10. Be3 Qc7 11. O-O-O Nd7 12. Kb1 Nf8 13. c4 Qb8 14. Qd2 Bd7
15. Rdg1 Qc8 16. g4 c5 17. h4 cxd4 18. Nxd4 Be5 19. g5 h5 20. f4 Bxd4 21. Bxd4
fxg5 22. Rxg5 g6 23. f5 Kh7 24. Rxh5+ gxh5 25. Qg5 1-0

[Event "IV Open A"]
[Site "Lodi ITA"]
[Date "2008.06.13"]
[Round "1"]
[White "Galassi, Federico"]
[Black "Korneev, Oleg"]
[Result "0-1"]
[WhiteElo "2145"]
[BlackElo "2651"]
[PlyCount "84"]
[EventDate "2008.06.13"]

1. e4 c5 2. Nf3 e6 3. Nc3 a6 4. d4 cxd4 5. Nxd4 Qc7 6. Bd3 Nc6 7. Nxc6 dxc6 8.
O-O e5 9. Be3 Nf6 10. Na4 Nd7 11. c4 Be7 12. c5 O-O 13. Qb3 Rb8 14. Bc4 Nf6 15.
f3 Bd7 16. Nb6 Be8 17. Rad1 Nd7 18. Na4 Qa5 19. Bd2 Bxc5+ 20. Kh1 Qc7 21. Nxc5
Nxc5 22. Qa3 Nd7 23. Bg5 Nb6 24. Bb3 c5 25. Rc1 Rc8 26. Be3 Nd7 27. Bd5 a5 28.
Qc3 b6 29. a3 Nf6 30. Rcd1 Ba4 31. b3 Bb5 32. Bc4 Bxc4 33. Qxc4 h6 34. b4 Rfd8
35. Rxd8+ Qxd8 36. bxc5 bxc5 37. h3 Nh5 38. Rb1 Qf6 39. Rb5 Rd8 40. Qxc5 Ng3+
41. Kh2 Nf1+ 42. Kg1 Rd1 0-1

[Event "IV Open A"]
[Site "Lodi ITA"]
[Date "2008.06.13"]
[Round "1"]
[White "Hera, Imre jr"]
[Black "Bertani, Gianfranco"]
[Result "1-0"]
[WhiteElo "2524"]
[BlackElo "2133"]
[PlyCount "73"]
[EventDate "2008.06.13"]

1. d4 f5 2. g3 Nf6 3. Bg2 e6 4. Nf3 d5 5. O-O c6 6. c4 Be7 7. Nc3 O-O 8. Bf4
Ne4 9. Qb3 Nd7 10. Rac1 g5 11. Be3 f4 12. gxf4 gxf4 13. Bd2 Nxd2 14. Nxd2 Kh8
15. Nf3 Rg8 16. Kh1 Qf8 17. e4 fxe3 18. fxe3 Qh6 19. e4 e5 20. exd5 exd4 21.
Ne4 c5 22. Rce1 Bh4 23. Nxh4 Qxh4 24. Qf3 Rf8 25. Qe2 Rxf1+ 26. Qxf1 d3 27. Re3
Qh6 28. Qxd3 Qg7 29. Rg3 Qxb2 30. Ng5 Qa1+ 31. Bf1 Qg7 32. Qc3 Nf6 33. Ne4 Ng4
34. Qxg7+ Kxg7 35. h3 Bf5 36. Nd6 Kf6 37. hxg4 1-0

[Event "IV Open A"]
[Site "Lodi ITA"]
[Date "2008.06.13"]
[Round "1"]
[White "Lazic, Miroljub"]
[Black "Astengo, Corrado"]
[Result "1-0"]
[WhiteElo "2539"]
[BlackElo "2137"]
[PlyCount "67"]
[EventDate "2008.06.13"]

1. c4 c6 2. g3 d5 3. Bg2 Nf6 4. Nf3 Bf5 5. O-O e6 6. b3 Nbd7 7. d3 Bd6 8. Bb2
Qe7 9. cxd5 cxd5 10. Nd4 a6 11. Nxf5 exf5 12. Nc3 f4 13. Nxd5 Nxd5 14. Bxd5
fxg3 15. fxg3 Nf6 16. Bxf6 gxf6 17. Rc1 h5 18. Rc4 Kf8 19. Rh4 Bxg3 20. hxg3
Qc5+ 21. Kh2 Qxd5 22. Rxf6 Re8 23. e4 Qd4 24. Qf3 Re7 25. Rf5 Rc7 26. Rhxh5
Qb2+ 27. Kh3 Rc2 28. Rxf7+ Ke8 29. Rff5 Rg8 30. Re5+ Kd8 31. Qf6+ Kc7 32. Re7+
Kb8 33. Qxb2 Rxb2 34. Rhh7 1-0

[Event "IV Open A"]
[Site "Lodi ITA"]
[Date "2008.06.13"]
[Round "1"]
[White "Maggi, Fabrizio"]
[Black "Sbarra, Marco"]
[Result "1/2-1/2"]
[WhiteElo "2003"]
[BlackElo "2243"]
[PlyCount "90"]
[EventDate "2008.06.13"]

1. c4 e6 2. Nc3 d5 3. d4 Bb4 4. Nf3 Nf6 5. a3 Bxc3+ 6. bxc3 c5 7. e3 O-O 8. Bd3
Nc6 9. O-O Qc7 10. cxd5 exd5 11. h3 c4 12. Bc2 Re8 13. Nd2 b5 14. Re1 Ne4 15.
Nxe4 dxe4 16. Rb1 Bd7 17. d5 Na5 18. f3 f5 19. Rf1 Nb7 20. a4 bxa4 21. Bxa4 Nd6
22. Bxd7 Qxd7 23. Ba3 exf3 24. Qxf3 Nb5 25. Rxb5 Qxb5 26. Qxf5 Qb6 27. Qf7+ Kh8
28. d6 Qxe3+ 29. Kh1 Qe6 30. Qxe6 Rxe6 31. Rf7 h6 32. Rc7 Rd8 33. Rxa7 Kh7 34.
Rc7 Re4 35. Kh2 Kg6 36. Kg3 Re3+ 37. Kf4 Rxc3 38. Bb2 Rf8+ 39. Ke4 Rd3 40.
Rxg7+ Kh5 41. Be5 Rf1 42. Rc7 Re1+ 43. Kf5 Rd5 44. Re7 c3 45. Kf4 Rexe5 1/2-1/2

[Event "IV Open A"]
[Site "Lodi ITA"]
[Date "2008.06.13"]
[Round "1"]
[White "Martinez, Rolly"]
[Black "Brigati, Alessandro"]
[Result "1/2-1/2"]
[WhiteElo "2453"]
[BlackElo "2097"]
[PlyCount "56"]
[EventDate "2008.06.13"]

1. e4 d6 2. d4 Nf6 3. Nc3 g6 4. f3 c6 5. Be3 b5 6. Qd2 Nbd7 7. a4 b4 8. Nd1 a5
9. Bd3 Ba6 10. Ne2 Qc7 11. O-O Bg7 12. Nf2 O-O 13. f4 c5 14. Bxa6 Rxa6 15. c3
Rb8 16. Rfc1 Rc6 17. d5 bxc3 18. Nxc3 Ra6 19. Nb5 Qb7 20. f5 Ne8 21. Bh6 Nc7
22. Bxg7 Kxg7 23. Nxc7 Qxc7 24. Ng4 Rab6 25. Qh6+ Kg8 26. Rf1 Rxb2 27. fxg6
fxg6 28. Ra3 Rb1 1/2-1/2

[Event "IV Open A"]
[Site "Lodi ITA"]
[Date "2008.06.13"]
[Round "1"]
[White "Massironi, Marco"]
[Black "Leon Hoyos, Manuel"]
[Result "0-1"]
[WhiteElo "2120"]
[BlackElo "2490"]
[PlyCount "53"]
[EventDate "2008.06.13"]

1. e4 c5 2. Nf3 g6 3. d4 Bg7 4. c3 cxd4 5. cxd4 d5 6. e5 Bg4 7. Nc3 Nc6 8. Be2
Nh6 9. h3 Bxf3 10. Bxf3 e6 11. Be3 Nf5 12. Qd2 O-O 13. h4 f6 14. exf6 Qxf6 15.
h5 Ncxd4 16. hxg6 Nxe3 17. fxe3 Nxf3+ 18. gxf3 Qxf3 19. gxh7+ Kh8 20. Rg1 Rac8
21. Qe2 Qf6 22. O-O-O Rxc3+ 23. bxc3 Qxc3+ 24. Qc2 Qxe3+ 25. Kb1 Qe5 26. Rxg7
Qxg7 27. Qh2 0-1

[Event "IV Open A"]
[Site "Lodi ITA"]
[Date "2008.06.13"]
[Round "1"]
[White "Pedini, Dario"]
[Black "Salvador, Roland"]
[Result "1-0"]
[WhiteElo "2086"]
[BlackElo "2450"]
[PlyCount "58"]
[EventDate "2008.06.13"]

1. e4 c5 2. Nc3 Nc6 3. g3 g6 4. Bg2 Bg7 5. d3 e6 6. Be3 d6 7. Qd2 Nge7 8. h4 h5
9. Nge2 Nd4 10. O-O Qa5 11. Bf4 Qb6 12. Nd1 Bd7 13. c3 Nxe2+ 14. Qxe2 Qa6 15.
Qd2 O-O-O 16. d4 e5 17. Be3 Bb5 18. Re1 exd4 19. cxd4 Nc6 20. dxc5 dxc5 21. Qc1
b6 22. Nc3 Ne5 23. Nxb5 Qxb5 24. Qc2 Nd3 25. Reb1 Nxb2 26. e5 Bxe5 27. Qe4 Bc7
28. Qb7+ Kd7 29. Bf4 Rc8 1-0

[Event "IV Open A"]
[Site "Lodi ITA"]
[Date "2008.06.13"]
[Round "1"]
[White "Tiviakov, Sergei"]
[Black "Buriani, Andrea"]
[Result "1-0"]
[WhiteElo "2635"]
[BlackElo "2141"]
[PlyCount "75"]
[EventDate "2008.06.13"]

1. e4 e5 2. Bc4 Bc5 3. Nf3 Nc6 4. d3 Nf6 5. c3 d6 6. Bb3 O-O 7. Bg5 h6 8. Bh4
Re8 9. Nbd2 Be6 10. Bc2 a5 11. h3 b5 12. Nh2 g5 13. Bg3 Ne7 14. a4 b4 15. Bb3
Qd7 16. Nc4 Nc6 17. O-O Rab8 18. Re1 Rb7 19. Nd2 bxc3 20. bxc3 Reb8 21. Bc4
Bxc4 22. Nxc4 Rb3 23. Qc2 Nh5 24. Nf1 f5 25. exf5 Qxf5 26. Nfd2 Nxg3 27. Nxb3
Rxb3 28. Ne3 Qe6 29. fxg3 Rb8 30. Kh2 Rf8 31. Rad1 Qg6 32. Qb3+ Kh8 33. Qb7 Ne7
34. Qxc7 Nf5 35. Nxf5 Qxf5 36. d4 Rc8 37. Qe7 Bb6 38. Qxd6 1-0

[Event "IV Open A"]
[Site "Lodi ITA"]
[Date "2008.06.13"]
[Round "1"]
[White "Vezzosi, Paolo"]
[Black "Astengo, Marcello"]
[Result "1-0"]
[WhiteElo "2351"]
[BlackElo "2064"]
[PlyCount "99"]
[EventDate "2008.06.13"]

1. e4 e6 2. Qe2 Be7 3. Nf3 d5 4. e5 Nh6 5. d3 Nf5 6. g3 c5 7. Bg2 Nc6 8. O-O g5
9. c3 h5 10. h3 g4 11. hxg4 hxg4 12. Nh2 Nh6 13. Re1 Bd7 14. Na3 Qb6 15. Bxh6
Rxh6 16. Nxg4 Rg6 17. Bf3 O-O-O 18. Kg2 Rdg8 19. Rac1 Kb8 20. Rh1 Qa5 21. Rh6
Rxg4 22. Bxg4 Bg5 23. Rch1 Bxh6 24. Rxh6 b5 25. Bh5 Be8 26. d4 c4 27. Qd2 b4
28. cxb4 Qxb4 29. Qc3 Qf8 30. Rf6 Rh8 31. g4 Nb4 32. Nc2 Nd3 33. Ne1 Qg7 34.
Kf1 Qh7 35. Nxd3 cxd3 36. Qb4+ Ka8 37. f3 Qg7 38. Qd2 Qh7 39. Ke1 Rf8 40. b3
Bb5 41. a4 Ba6 42. b4 Bc4 43. b5 Qg7 44. Qf4 Qh7 45. Kd2 Bb3 46. Rxf7 Rxf7 47.
Qxf7 Qh6+ 48. f4 Bxa4 49. g5 Qh8 50. Qe8+ 1-0

[Event "IV Open A"]
[Site "Lodi ITA"]
[Date "2008.06.14"]
[Round "2"]
[White "Astengo, Corrado"]
[Black "Angelini, Marco"]
[Result "1/2-1/2"]
[WhiteElo "2137"]
[BlackElo "1980"]
[PlyCount "125"]
[EventDate "2008.06.13"]

1. e4 c5 2. Nf3 d6 3. d4 cxd4 4. Nxd4 Nf6 5. Nc3 a6 6. Bg5 e6 7. f4 Nbd7 8. Qf3
Qc7 9. O-O-O b5 10. Bd3 Bb7 11. a3 Be7 12. Rhe1 O-O-O 13. Qh3 h6 14. Bxf6 Nxf6
15. Kb1 Kb8 16. f5 e5 17. Nb3 d5 18. Nxd5 Nxd5 19. exd5 Bxd5 20. Qg4 Bf6 21.
Be4 Bxe4 22. Qxe4 Rxd1+ 23. Rxd1 Rc8 24. Rd5 Qc4 25. Nd2 Qxe4 26. Nxe4 Rc4 27.
Nxf6 gxf6 28. Rd6 e4 29. Kc1 e3 30. Kd1 e2+ 31. Kxe2 Rxc2+ 32. Rd2 Rc5 33. g4
h5 34. Kf3 Kc7 35. Kg3 hxg4 36. Kxg4 Rc1 37. h4 Rg1+ 38. Kf3 Rf1+ 39. Rf2 Rh1
40. Kg3 Kd6 41. Kg4 Rg1+ 42. Kf4 Rh1 43. Rd2+ Ke7 44. Kg3 Rf1 45. Rf2 Rh1 46.
Re2+ Kd6 47. Re8 Rg1+ 48. Kf2 Rh1 49. Kg3 Rg1+ 50. Kf3 Rf1+ 51. Kg4 Rg1+ 52.
Kf3 Rf1+ 53. Kg2 Rxf5 54. Ra8 Rd5 55. Rxa6+ Ke5 56. b4 Kf5 57. a4 bxa4 58. Rxa4
Rd4 59. Kg3 Rd3+ 60. Kg2 Rd2+ 61. Kg3 Rd3+ 62. Kf2 Rd4 63. Kg3 1/2-1/2

[Event "IV Open A"]
[Site "Lodi ITA"]
[Date "2008.06.14"]
[Round "2"]
[White "Astengo, Marcello"]
[Black "Galassi, Federico"]
[Result "1-0"]
[WhiteElo "2064"]
[BlackElo "2145"]
[PlyCount "115"]
[EventDate "2008.06.13"]

1. d4 d6 2. e4 Nf6 3. f3 g6 4. c4 Bg7 5. Nc3 O-O 6. Be3 c5 7. dxc5 dxc5 8. Qxd8
Rxd8 9. Bxc5 Nc6 10. Nd5 Nd7 11. Ba3 a5 12. O-O-O Kf8 13. Ne2 Nde5 14. Nec3 Be6
15. Be2 Nb4 16. Kb1 Nec6 17. Nb5 Rac8 18. b3 Bxd5 19. exd5 Ne5 20. Rhe1 Nd7 21.
Bf1 Nc5 22. Bc1 e6 23. Bg5 Rd7 24. dxe6 Rxd1+ 25. Rxd1 Nxe6 26. Be3 Ke7 27. Bb6
Nc6 28. Nd6 Ra8 29. c5 a4 30. b4 Nxb4 31. Nxb7 Rb8 32. Na5 Nd4 33. Rxd4 Bxd4
34. a3 Nd5 35. Nc6+ Ke6 36. Nxb8 Nxb6 37. cxb6 Bxb6 38. Na6 Ke5 39. Bb5 Bg1 40.
Bxa4 Bxh2 41. Bc6 Kd4 42. Kc2 Kc4 43. Nb4 Bd6 44. Bd5+ Kd4 45. Bxf7 Ke3 46. Bd5
Kf2 47. g4 h5 48. gxh5 gxh5 49. Nd3+ Ke3 50. a4 h4 51. Kc3 h3 52. f4 Bc7 53. f5
Bd8 54. Nc5 Bf6+ 55. Kc4 Kf4 56. Nd7 Bd8 57. f6 Kf5 58. f7 1-0

[Event "IV Open A"]
[Site "Lodi ITA"]
[Date "2008.06.14"]
[Round "2"]
[White "Bemporad, Filippo"]
[Black "Burlando, Alessandro"]
[Result "1/2-1/2"]
[WhiteElo "2044"]
[BlackElo "2141"]
[PlyCount "88"]
[EventDate "2008.06.13"]

1. d4 Nf6 2. Nf3 g6 3. c4 Bg7 4. Nc3 O-O 5. e4 d6 6. Be2 e5 7. O-O Nc6 8. d5
Ne7 9. Ne1 Nd7 10. Nd3 f5 11. Bd2 f4 12. g4 g5 13. f3 h5 14. h3 Rf6 15. Kg2 Rh6
16. Rh1 Ng6 17. Be1 Kf7 18. Bf2 b6 19. b4 Bf8 20. Rc1 a5 21. a3 Ba6 22. Nb5 Be7
23. Qc2 Nh4+ 24. Bxh4 gxh4 25. bxa5 bxa5 26. Qc3 Nf6 27. a4 Bc8 28. c5 hxg4 29.
hxg4 h3+ 30. Rxh3 Rxh3 31. Kxh3 Bxg4+ 32. fxg4 Nxe4 33. Nxe5+ dxe5 34. Qxe5
Qh8+ 35. Qxh8 Rxh8+ 36. Kg2 Nxc5 37. Nxc7 Nxa4 38. Nb5 Rd8 39. Ra1 Nb6 40. d6
Bxd6 41. Nxd6+ Rxd6 42. Rxa5 Kg6 43. Kf3 Nd5 44. Bd3+ Kf6 1/2-1/2

[Event "IV Open A"]
[Site "Lodi ITA"]
[Date "2008.06.14"]
[Round "2"]
[White "Borgo, Giulio"]
[Black "Farago, Ivan"]
[Result "1/2-1/2"]
[WhiteElo "2453"]
[BlackElo "2470"]
[PlyCount "133"]
[EventDate "2008.06.13"]

1. c4 e5 2. Nc3 Nf6 3. Nf3 Nc6 4. a3 g6 5. g3 Bg7 6. Bg2 O-O 7. O-O d6 8. d3 h6
9. Nd2 Be6 10. b4 d5 11. cxd5 Nxd5 12. Bb2 Qd7 13. Rc1 a5 14. Nxd5 Bxd5 15.
Bxd5 Qxd5 16. Rc5 Qd7 17. b5 Nd4 18. Bxd4 exd4 19. Qc2 Qe7 20. Rxc7 Qxe2 21. b6
Be5 22. Re7 Rae8 23. Rxe8 Rxe8 24. Rc1 Bg7 25. Ne4 Qxc2 26. Rxc2 Re6 27. Rb2
Bf8 28. Rb5 a4 29. Kf1 Bxa3 30. Nd2 Bf8 31. Nc4 a3 32. Ra5 Bb4 33. Ra4 Re1+ 34.
Kg2 Bc5 35. Ra5 Rb1 36. Nxa3 Bxa3 37. Rxa3 Rxb6 38. Ra8+ Kg7 39. Rd8 Rb4 40.
Kf3 Kf6 41. Ke4 Ke7 42. Rd5 Ke6 43. Re5+ Kd6 44. Rd5+ Kc6 45. Rd8 Rb2 46. f4
Rxh2 47. Rf8 Kc5 48. Rc8+ Kd6 49. Rd8+ Kc5 50. Rc8+ Kd6 51. Rd8+ Ke6 52. Rxd4
f5+ 53. Ke3 Rb2 54. Rd8 b5 55. Rh8 h5 56. Rg8 Kf7 57. Rb8 b4 58. Rb7+ Kf6 59.
Rb6+ Kf7 60. Rb7+ Kf8 61. Rb8+ Ke7 62. Rb7+ Kd6 63. Rb6+ Kc5 64. Rxg6 Rg2 65.
Rg5 b3 66. Rxf5+ Kb4 67. Rxh5 1/2-1/2

[Event "IV Open A"]
[Site "Lodi ITA"]
[Date "2008.06.14"]
[Round "2"]
[White "Brigati, Alessandro"]
[Black "Lefevre, Margaux"]
[Result "1/2-1/2"]
[WhiteElo "2097"]
[BlackElo "1968"]
[PlyCount "72"]
[EventDate "2008.06.13"]

1. d4 Nf6 2. Bf4 c5 3. e3 b6 4. Nf3 Bb7 5. c3 g6 6. h3 Bg7 7. Nbd2 O-O 8. Bd3
d5 9. O-O Nbd7 10. Bh2 Ne4 11. Ne5 Nxd2 12. Qxd2 f6 13. Nxd7 Qxd7 14. dxc5 bxc5
15. Bc4 Rad8 16. Rfd1 Qc6 17. Bf1 e5 18. Qc2 Rd7 19. Qb3 c4 20. Qc2 Rfd8 21.
Rd2 Bf8 22. Rad1 Kg7 23. Bg3 Bc5 24. b3 cxb3 25. Qxb3 d4 26. cxd4 exd4 27. exd4
Rxd4 28. Rxd4 Rxd4 29. Rxd4 Bxd4 30. Qb4 Bc3 31. Qf4 g5 32. Qg4 h6 33. h4 Qd5
34. hxg5 hxg5 35. Qe2 Qe4 36. Qb5 Qc6 1/2-1/2

[Event "IV Open A"]
[Site "Lodi ITA"]
[Date "2008.06.14"]
[Round "2"]
[White "Buriani, Andrea"]
[Black "Soncin, Denis"]
[Result "1-0"]
[WhiteElo "2141"]
[BlackElo "2045"]
[PlyCount "61"]
[EventDate "2008.06.13"]

1. d4 Nf6 2. Nf3 g6 3. Nbd2 Bg7 4. e4 d6 5. Bd3 O-O 6. O-O c6 7. c3 Nbd7 8. Re1
b5 9. a4 Qb6 10. axb5 cxb5 11. Qe2 Rb8 12. Nb3 b4 13. c4 Ra8 14. Ra5 Bb7 15.
Rb5 Qc7 16. Rxb4 a5 17. Ra4 Bc6 18. Ra3 a4 19. Nbd2 Nb6 20. Nb1 Rfc8 21. Bf4
Nh5 22. Be3 Qb7 23. Bd2 Bd7 24. h3 e5 25. dxe5 dxe5 26. b4 axb3 27. Rxb3 Ra2
28. Qe3 Nf4 29. Rxb6 Qc7 30. Bf1 Bh6 31. Qb3 1-0

[Event "IV Open A"]
[Site "Lodi ITA"]
[Date "2008.06.14"]
[Round "2"]
[White "Calella, Sergio"]
[Black "Bove, Alessandro"]
[Result "0-1"]
[WhiteElo "2017"]
[BlackElo "2215"]
[PlyCount "82"]
[EventDate "2008.06.13"]

1. e4 Nf6 2. e5 Nd5 3. d4 d6 4. c4 Nb6 5. exd6 cxd6 6. Nf3 g6 7. Be2 Bg7 8. Be3
O-O 9. O-O Nc6 10. Nc3 d5 11. c5 Nc4 12. Bc1 Bg4 13. b3 Bxf3 14. Bxf3 Bxd4 15.
Bh6 Bxc3 16. bxc4 Bxa1 17. Qxa1 d4 18. Rd1 e5 19. Bd5 Re8 20. f4 Qh4 21. Bg5
Qg4 22. Bf3 Qf5 23. g4 Qd7 24. Bd5 Qxg4+ 25. Kh1 e4 26. Rg1 Qf3+ 27. Rg2 Nb4
28. Qxd4 Qf1+ 29. Rg1 Qf3+ 30. Rg2 Qd3 31. Qf6 Qd1+ 32. Rg1 Qf3+ 33. Rg2 Qd1+
34. Rg1 Nxd5 35. cxd5 Qf3+ 36. Rg2 Qf1+ 37. Rg1 Qf3+ 38. Rg2 Qh5 39. Rg4 e3 40.
Rg1 Qf3+ 41. Rg2 e2 0-1

[Event "IV Open A"]
[Site "Lodi ITA"]
[Date "2008.06.14"]
[Round "2"]
[White "Damia, Angelo"]
[Black "Maggi, Fabrizio"]
[Result "1/2-1/2"]
[WhiteElo "2302"]
[BlackElo "2003"]
[PlyCount "74"]
[EventDate "2008.06.13"]

1. e4 e6 2. d4 d5 3. Nc3 Bb4 4. exd5 exd5 5. Qf3 Be6 6. Bd3 c6 7. Nge2 Nf6 8.
Bg5 Nbd7 9. Nf4 Bg4 10. Qe3+ Qe7 11. Qxe7+ Bxe7 12. f3 Be6 13. O-O-O Nf8 14.
Rhe1 h6 15. Bxf6 Bxf6 16. Nxe6 Nxe6 17. Bf5 Kd7 18. Ne2 Rae8 19. c3 Kd6 20.
Bxe6 Rxe6 21. Ng3 g6 22. Rxe6+ Kxe6 23. Re1+ Kd7 24. Kc2 Bh4 25. Kd3 Bxg3 26.
hxg3 Re8 27. Rh1 h5 28. a4 b6 29. b4 a6 30. Kd2 Kd6 31. Rh4 b5 32. a5 Ke6 33.
Ke3 Kf6+ 34. Kf2 Kg5 35. Rh1 f5 36. f4+ Kf6 37. Kf3 Re4 1/2-1/2

[Event "IV Open A"]
[Site "Lodi ITA"]
[Date "2008.06.14"]
[Round "2"]
[White "Gerola, Fausto"]
[Black "Hera, Imre jr"]
[Result "0-1"]
[WhiteElo "2193"]
[BlackElo "2524"]
[PlyCount "90"]
[EventDate "2008.06.13"]

1. e4 c6 2. d4 d5 3. Nc3 dxe4 4. Nxe4 Bf5 5. Ng3 Bg6 6. Nf3 Nd7 7. h4 h6 8. h5
Bh7 9. Bd3 Bxd3 10. Qxd3 e6 11. Bd2 Ngf6 12. O-O-O Qc7 13. c4 O-O-O 14. Qc2 Ng4
15. Bc3 Bd6 16. Nf1 Rhe8 17. Kb1 f5 18. Nh4 Nf8 19. Ne3 Qf7 20. Nf3 Nd7 21.
Nxg4 fxg4 22. Ne5 Nxe5 23. dxe5 Bc5 24. Rdf1 Qf4 25. Qg6 Re7 26. f3 gxf3 27.
Rxf3 Qxc4 28. b3 Qe2 29. Re1 Rd1+ 30. Rxd1 Qxd1+ 31. Kb2 Bd4 32. Qc2 Bxc3+ 33.
Qxc3 Qd5 34. Rf8+ Kc7 35. g3 Rd7 36. a4 b6 37. Ra8 Kb7 38. Re8 Qg2+ 39. Ka3 Rd2
40. Re7+ Kb8 41. Re8+ Kc7 42. Re7+ Kd8 43. Rxa7 c5 44. Qa1 Qe4 45. Qc3 Rc2 0-1

[Event "IV Open A"]
[Site "Lodi ITA"]
[Date "2008.06.14"]
[Round "2"]
[White "Korneev, Oleg"]
[Black "Vezzosi, Paolo"]
[Result "1-0"]
[WhiteElo "2651"]
[BlackElo "2351"]
[PlyCount "73"]
[EventDate "2008.06.13"]

1. e4 c6 2. d4 d5 3. e5 Bf5 4. Nc3 e6 5. Bd3 Ne7 6. Nf3 Nd7 7. Ne2 c5 8. c3
Bxd3 9. Qxd3 Ng6 10. h4 cxd4 11. cxd4 Bb4+ 12. Kf1 h6 13. h5 Ne7 14. a3 Ba5 15.
g4 Qc7 16. Be3 Qc4 17. Qd1 f6 18. Rc1 Qa6 19. b4 Bd8 20. a4 Nb6 21. Kg2 Qxa4
22. Qd3 Nc4 23. Nf4 Qd7 24. exf6 gxf6 25. Ng6 Nxg6 26. hxg6 Bc7 27. Rxh6 Rxh6
28. Bxh6 O-O-O 29. g7 Qf7 30. Qh7 Rg8 31. Rc3 Kd7 32. Nh4 Bd6 33. Ng6 Bxb4 34.
Rf3 Be7 35. g5 f5 36. Nf8+ Bxf8 37. Qxg8 1-0

[Event "IV Open A"]
[Site "Lodi ITA"]
[Date "2008.06.14"]
[Round "2"]
[White "Lenic, Luka"]
[Black "Corvi, Marco"]
[Result "1-0"]
[WhiteElo "2584"]
[BlackElo "2347"]
[PlyCount "81"]
[EventDate "2008.06.13"]

1. d4 f5 2. c4 Nf6 3. Nc3 d6 4. h4 e5 5. Nf3 Nc6 6. d5 Nb8 7. g3 Be7 8. Bh3 a5
9. Qc2 Ng4 10. Ng5 h5 11. e4 g6 12. exf5 Bxf5 13. Nce4 Na6 14. Ne6 Nb4 15. Qb1
Bxe6 16. dxe6 d5 17. Ng5 e4 18. Nf7 Nd3+ 19. Kf1 Qc8 20. Bxg4 hxg4 21. cxd5 Rh5
22. Qc2 Rxd5 23. Qa4+ c6 24. Qxe4 Nc5 25. Qxg6 Qxe6 26. Qxe6 Nxe6 27. Nh6 O-O-O
28. Kg2 Bc5 29. Nxg4 Rf8 30. Bh6 Rf7 31. Rab1 Bd4 32. Rhd1 Nc5 33. Be3 Bxe3 34.
Nxe3 Rd3 35. Nc4 Rxd1 36. Rxd1 Kc7 37. Nxa5 b5 38. Rc1 Nd3 39. Rxc6+ Kd7 40. f4
Nxb2 41. Rc5 1-0